000 00719nam a2200241 a 4500
001 65115
003 BD-RjUL
005 20211209081404.0
008 170227s1955 nyuabcf b 001 0 eng d
035 _a(BD-RjUL)65245
040 _aDLC
_cCIN
_dBD-RjUL
_beng
041 _aeng
082 _a940.28
_223
_bBEE 1955
100 1 _aBenns, Frank Lee,
_d1889-
_9192887
245 1 0 _aEuropean history since 1870 /
_c F. Lee Benns ...
250 _a4th
260 _aNew York :
_bAppleton-century-Crofts,
_cc 1955.
300 _axx,1020 p. :
_bill. ;
_c23 cm.
504 _aInclude index and bibliography
651 0 _aEurope
_xHistory
_y1871-1918
_9189758
651 0 _aEurope
_xHistory
_y1918-1945
_9188326
942 _2ddc
_cBK
999 _c65115
_d65115